[Event "2. BUNDESLIGA MITTE"]
[Site "Steyregg, Fuerstenfeld/Sauwald/Villach, St. Veit/Glan, Graz"]
[Date "2016.02.28"]
[Round "8"]
[Board "5"]
[White "Toefferl, Heimo"]
[Black "Wanderer, Thomas"]
[Result "1/2-1/2"]
[WhiteElo "2035"]
[BlackElo "2197"]
[PlyCount "72"]
[EventDate "2015.10.02"]
[EventType "team"]
[EventRounds "11"]
[EventCountry "AUT"]
[WhiteTeam "SV Wolfsberg"]
[BlackTeam "RbEJ Gleisdorf"]

1. d4 Nf6 2. c4 d6 3. Nc3 Nbd7 4. e4 e5 5. d5 Be7 6. Bd3 c6 7. h3 a6 8. Nge2
O-O 9. g4 Ne8 10. Be3 Bg5 11. Qd2 Bxe3 12. Qxe3 cxd5 13. Nxd5 Nef6 14. Ndc3 Qb6
15. Qd2 Nc5 16. Rb1 Be6 17. Ng3 Qb4 18. b3 g6 19. O-O Kg7 20. Nf5+ Bxf5 21.
gxf5 h6 22. fxg6 fxg6 23. Qc2 Nxd3 24. Qxd3 Rad8 25. Rbd1 Qc5 26. Rd2 Rd7 27.
Kg2 Qc6 28. f3 Rfd8 29. Rfd1 Rf8 30. Qe3 b5 31. cxb5 axb5 32. a4 bxa4 33. bxa4
Rdd8 34. Nd5 Nxd5 35. Rxd5 Qxa4 36. Rxd6 Rxd6 1/2-1/2

[Event "2. BUNDESLIGA MITTE"]
[Site "Steyregg, Fuerstenfeld/Sauwald/Villach, St. Veit/Glan, Graz"]
[Date "2016.02.28"]
[Round "8"]
[Board "6"]
[White "Ofner, Maximilian"]
[Black "Stagl, Marco"]
[Result "1-0"]
[WhiteElo "2189"]
[BlackElo "2057"]
[PlyCount "95"]
[EventDate "2015.10.02"]
[EventType "team"]
[EventRounds "11"]
[EventCountry "AUT"]
[WhiteTeam "RbEJ Gleisdorf"]
[BlackTeam "SV Wolfsberg"]

1. e4 c5 2. Nf3 d6 3. Bb5+ Bd7 4. c4 Bxb5 5. cxb5 e5 6. O-O g6 7. b4 Nd7 8. Bb2
Bg7 9. Na3 cxb4 10. Nc4 Nb6 11. Rc1 Nf6 12. d4 Nxc4 13. Rxc4 Nxe4 14. dxe5 Nc3
15. Qe1 O-O 16. Rxb4 Nd5 17. Rd4 dxe5 18. Rd2 Qd7 19. Qe4 Rad8 20. Ba3 Rfe8 21.
Rfd1 Nc3 22. Rxd7 Rxd7 23. Rxd7 Nxe4 24. Rxb7 Nc3 25. Bc5 e4 26. Ne1 Ra8 27. g3
Nxa2 28. Rxa7 Rxa7 29. Bxa7 Nb4 30. Bc5 Bc3 31. Bxb4 Bxb4 32. b6 Kf8 33. Nc2
Bd6 34. b7 Ke8 35. Nb4 Kd7 36. Na6 Kc6 37. b8=Q Bxb8 38. Nxb8+ Kc7 39. Na6+ Kb6
40. Nb4 Kc5 41. Nc2 f5 42. h4 Kd5 43. Kg2 Ke5 44. f4+ exf3+ 45. Kxf3 h6 46. Ne3
g5 47. g4 f4 48. hxg5 1-0

[Event "2. BUNDESLIGA MITTE"]
[Site "Steyregg, Fuerstenfeld/Sauwald/Villach, St. Veit/Glan, Graz"]
[Date "2016.04.15"]
[Round "9"]
[Board "1"]
[White "Wisnet, Dominic"]
[Black "Kovacs, Gabor"]
[Result "1/2-1/2"]
[WhiteElo "2302"]
[BlackElo "2463"]
[PlyCount "102"]
[EventDate "2015.10.02"]
[EventType "team"]
[EventRounds "11"]
[EventCountry "AUT"]
[WhiteTeam "SPG Sauwald 2"]
[BlackTeam "SV Steyregg"]

1. Nf3 d5 2. c4 e6 3. g3 Nf6 4. Bg2 dxc4 5. O-O Nbd7 6. Qa4 a6 7. Qxc4 b5 8.
Qc2 Bb7 9. d4 c5 10. a4 b4 11. a5 Rc8 12. dxc5 Bxc5 13. Qd1 O-O 14. Nbd2 Qe7
15. Nb3 Rfd8 16. Bg5 h6 17. Bd2 Ne4 18. Qe1 Bd6 19. Rc1 Bd5 20. Nfd4 Ne5 21.
Rxc8 Rxc8 22. Qb1 Nxd2 23. Nxd2 Bxg2 24. Kxg2 Qb7+ 25. Kg1 Qd5 26. N4b3 Bc5 27.
h3 Nc4 28. Nxc4 Qxc4 29. Qd3 Qxd3 30. exd3 Be7 31. Rc1 Rxc1+ 32. Nxc1 Kf8 33.
Kf1 Ke8 34. Ke2 Kd7 35. d4 Kc6 36. Kd3 Kd5 37. Nb3 Bd6 38. Nd2 Bc7 39. Nc4 f6
40. b3 Kc6 41. g4 g6 42. f3 Kb5 43. Ke4 Bxa5 44. d5 exd5+ 45. Kxd5 Bc7 46. Nb2
Be5 47. Na4 g5 48. Nc5 Bc3 49. Na4 Be5 50. Nc5 Bc3 51. Na4 Be5 1/2-1/2

[Event "2. BUNDESLIGA MITTE"]
[Site "Steyregg, Fuerstenfeld/Sauwald/Villach, St. Veit/Glan, Graz"]
[Date "2016.04.15"]
[Round "9"]
[Board "2"]
[White "Nemeth, Miklos"]
[Black "Knechtel, Roland"]
[Result "1-0"]
[WhiteElo "2480"]
[BlackElo "2287"]
[PlyCount "29"]
[EventDate "2015.10.02"]
[EventType "team"]
[EventRounds "11"]
[EventCountry "AUT"]
[WhiteTeam "SV Steyregg"]
[BlackTeam "SPG Sauwald 2"]

1. e4 c6 2. d4 d5 3. e5 Bf5 4. Nf3 e6 5. Be2 Nd7 6. O-O Ne7 7. Nbd2 c5 8. c4
cxd4 9. Nxd4 Nxe5 10. cxd5 Qxd5 11. Qa4+ N5c6 12. Nc4 Rd8 13. Nb5 Rd7 14. Rd1
Bc2 15. Qxc2 1-0

[Event "2. BUNDESLIGA MITTE"]
[Site "Steyregg, Fuerstenfeld/Sauwald/Villach, St. Veit/Glan, Graz"]
[Date "2016.04.15"]
[Round "9"]
[Board "3"]
[White "Stadler, Alexander"]
[Black "Enoeckl, Philipp"]
[Result "0-1"]
[WhiteElo "2113"]
[BlackElo "2362"]
[PlyCount "52"]
[EventDate "2015.10.02"]
[EventType "team"]
[EventRounds "11"]
[EventCountry "AUT"]
[WhiteTeam "SPG Sauwald 2"]
[BlackTeam "SV Steyregg"]

1. d4 Nf6 2. Bg5 c5 3. Bxf6 gxf6 4. d5 Qb6 5. Qc1 f5 6. c4 Bh6 7. e3 f4 8. exf4
Bxf4 9. Qxf4 Qxb2 10. Ne2 Qxa1 11. Nec3 d6 12. Qd2 Rg8 13. g3 b5 14. cxb5 a6
15. b6 Nd7 16. b7 Bxb7 17. Be2 Rb8 18. O-O Bc8 19. Re1 Kd8 20. Bh5 Nf6 21. Qe3
Rb7 22. Bxf7 Rf8 23. Be6 Bxe6 24. Nd2 Ng4 25. Qxe6 Qxc3 26. Nb1 Qf6 0-1

[Event "2. BUNDESLIGA MITTE"]
[Site "Steyregg, Fuerstenfeld/Sauwald/Villach, St. Veit/Glan, Graz"]
[Date "2016.04.15"]
[Round "9"]
[Board "4"]
[White "Kirschner, Alexander"]
[Black "Lautner, Josef"]
[Result "0-1"]
[WhiteElo "2186"]
[BlackElo "2211"]
[PlyCount "94"]
[EventDate "2015.10.02"]
[EventType "team"]
[EventRounds "11"]
[EventCountry "AUT"]
[WhiteTeam "SV Steyregg"]
[BlackTeam "SPG Sauwald 2"]

1. c4 e6 2. g3 d5 3. Bg2 Nf6 4. Nf3 Be7 5. O-O O-O 6. b3 c6 7. Bb2 Nbd7 8. d3
b6 9. Nbd2 Bb7 10. Qc2 c5 11. e4 Rc8 12. e5 Ne8 13. Rae1 Nc7 14. h4 Nb8 15. a3
Nc6 16. Qb1 b5 17. Rd1 Rb8 18. Qc2 a5 19. Rfe1 Qd7 20. Ba1 Rfc8 21. Nf1 Ba6 22.
Ne3 a4 23. bxa4 bxc4 24. dxc4 d4 25. Nf1 Na8 26. N1d2 h6 27. Bf1 Na5 28. Bd3
Nb6 29. Rb1 Qxa4 30. Qxa4 Nxa4 31. Rec1 f5 32. Kf1 Kf7 33. Ke2 Ke8 34. Ne1 Kd7
35. h5 Kc7 36. Kd1 Rxb1 37. Nxb1 Rb8 38. Nd2 Nb3 39. Rb1 Nxd2 40. Rxb8 Kxb8 41.
Kxd2 Nb6 42. Ng2 Kc7 43. Nf4 Bg5 44. Kc2 Bxf4 45. gxf4 Bxc4 46. Bb2 Bxd3+ 47.
Kxd3 Kc6 0-1

[Event "2. BUNDESLIGA MITTE"]
[Site "Steyregg, Fuerstenfeld/Sauwald/Villach, St. Veit/Glan, Graz"]
[Date "2016.04.15"]
[Round "9"]
[Board "5"]
[White "Maier, Christoph"]
[Black "Wiesinger, Robert"]
[Result "1-0"]
[WhiteElo "2125"]
[BlackElo "2176"]
[PlyCount "63"]
[EventDate "2015.10.02"]
[EventType "team"]
[EventRounds "11"]
[EventCountry "AUT"]
[WhiteTeam "SPG Sauwald 2"]
[BlackTeam "SV Steyregg"]

1. e4 e5 2. Nf3 Nc6 3. Bc4 Bc5 4. b4 Bxb4 5. c3 Ba5 6. d4 exd4 7. O-O Nge7 8.
Ng5 d5 9. exd5 Ne5 10. Qxd4 f6 11. Re1 Bb6 12. Qh4 Bf5 13. Ba3 Qd7 14. Ne6 N7g6
15. Qh5 Bxe6 16. Rxe5 fxe5 17. dxe6 Qc6 18. Qg4 Rd8 19. e7 Rd7 20. Nd2 h5 21.
Qg5 Qf6 22. Qxf6 gxf6 23. Ne4 Rd6 24. Nxd6+ cxd6 25. Bxd6 Nxe7 26. Rd1 Nc6 27.
Be6 Ne7 28. Ba3 Rh6 29. Rd7 Bd8 30. Rxb7 f5 31. Bb3 Ra6 32. Bc5 1-0

[Event "2. BUNDESLIGA MITTE"]
[Site "Steyregg, Fuerstenfeld/Sauwald/Villach, St. Veit/Glan, Graz"]
[Date "2016.04.15"]
[Round "9"]
[Board "6"]
[White "Pierecker, Markus"]
[Black "Zauner, Christoph"]
[Result "1-0"]
[WhiteElo "2179"]
[BlackElo "2041"]
[PlyCount "127"]
[EventDate "2015.10.02"]
[EventType "team"]
[EventRounds "11"]
[EventCountry "AUT"]
[WhiteTeam "SV Steyregg"]
[BlackTeam "SPG Sauwald 2"]

1. e4 e6 2. d4 d5 3. Nc3 Bb4 4. e5 Ne7 5. a3 Bxc3+ 6. bxc3 c5 7. Qg4 O-O 8. Bd3
Nbc6 9. Nf3 f5 10. exf6 Rxf6 11. Bg5 e5 12. Qh4 e4 13. Bxf6 gxf6 14. Qxf6 Qf8
15. Qxf8+ Kxf8 16. dxc5 exf3 17. gxf3 Bf5 18. Rb1 Nd8 19. Rb4 Bg6 20. h4 Rc8
21. h5 Bxd3 22. cxd3 Rxc5 23. Kd2 Kg7 24. h6+ Kf8 25. Rf4+ Ke8 26. Rg4 Ng6 27.
Rxg6 hxg6 28. h7 Nf7 29. h8=Q+ Nxh8 30. Rxh8+ Kd7 31. Rh7+ Kc8 32. Re7 Ra5 33.
Re5 Rxa3 34. Rxd5 Kc7 35. Rg5 Ra6 36. f4 Rf6 37. Ke3 b6 38. c4 a5 39. Re5 Kd6
40. Rb5 Kc6 41. d4 Re6+ 42. Kd3 Rf6 43. d5+ Kc7 44. Ke4 Rf5 45. c5 Rf6 46.
cxb6+ Rxb6 47. Rxa5 Kd6 48. Ra4 Rb2 49. Ra6+ Ke7 50. Rxg6 Rxf2 51. Re6+ Kd7 52.
Ke5 Rf1 53. f5 Re1+ 54. Kf6 Rg1 55. Kf7 Rg5 56. f6 Rxd5 57. Re4 Rg5 58. Rd4+
Kc6 59. Kf8 Rf5 60. f7 Rf3 61. Ke7 Re3+ 62. Kf6 Rf3+ 63. Ke6 Re3+ 64. Kf5 1-0

[Event "2. BUNDESLIGA MITTE"]
[Site "Steyregg, Fuerstenfeld/Sauwald/Villach, St. Veit/Glan, Graz"]
[Date "2016.04.15"]
[Round "9"]
[Board "1"]
[White "Hajnal, Zoltan"]
[Black "Perhinig, Robert"]
[Result "1/2-1/2"]
[WhiteElo "2333"]
[BlackElo "2262"]
[PlyCount "59"]
[EventDate "2015.10.02"]
[EventType "team"]
[EventRounds "11"]
[EventCountry "AUT"]
[WhiteTeam "ASK Case IH SteyrSt. Valentin"]
[BlackTeam "ESV Admira Villach"]

1. e4 e6 2. d4 d5 3. Nc3 Bb4 4. e5 c5 5. Bd2 Ne7 6. Nb5 Bxd2+ 7. Qxd2 O-O 8.
dxc5 Nd7 9. Qc3 a6 10. Nd6 Qc7 11. f4 Qxc5 12. Qxc5 Nxc5 13. Nf3 b5 14. g3 Nb7
15. Nxb7 Bxb7 16. Nd4 Rfc8 17. O-O-O b4 18. Kb1 a5 19. Bh3 Rc5 20. f5 exf5 21.
Bxf5 Bc8 22. Bd3 a4 23. Rhe1 Be6 24. Bf1 Nf5 25. Nxf5 Bxf5 26. Bd3 Bg4 27. Be2
Bf5 28. Bd3 Bg4 29. Be2 Bf5 30. Bd3 1/2-1/2

[Event "2. BUNDESLIGA MITTE"]
[Site "Steyregg, Fuerstenfeld/Sauwald/Villach, St. Veit/Glan, Graz"]
[Date "2016.04.15"]
[Round "9"]
[Board "2"]
[White "Riemelmoser, Franz"]
[Black "Sandhoefner, Florian"]
[Result "0-1"]
[WhiteElo "2331"]
[BlackElo "2229"]
[PlyCount "111"]
[EventDate "2015.10.02"]
[EventType "team"]
[EventRounds "11"]
[EventCountry "AUT"]
[WhiteTeam "ESV Admira Villach"]
[BlackTeam "ASK Case IH SteyrSt. Valentin"]

1. c4 Nf6 2. g3 c6 3. Bg2 d5 4. Nf3 dxc4 5. O-O e6 6. a4 Qd5 7. Nc3 Qa5 8. b3
cxb3 9. Qxb3 Nbd7 10. d4 Bb4 11. Na2 Be7 12. Bd2 Qb6 13. Qc2 a5 14. e4 O-O 15.
Rab1 Qd8 16. Rfd1 Nb8 17. Ne5 Na6 18. Nc4 Nb4 19. Nxb4 axb4 20. Rxb4 Qxd4 21.
Rbb1 b5 22. axb5 cxb5 23. Rxb5 Ba6 24. Bb4 Qa7 25. Bxe7 Bxb5 26. Bxf8 Ba4 27.
Qd2 Bxd1 28. Bxg7 Kxg7 29. Qg5+ Kf8 30. Qxf6 Qa1 31. Qxa1 Rxa1 32. Bf1 Be2 33.
Ne3 Bf3 34. e5 Re1 35. h3 Be2 36. Kg2 Bxf1+ 37. Nxf1 Rxe5 38. Kf3 Kg7 39. Ne3
f5 40. Kg2 Kf6 41. Kf3 Re4 42. Kg2 Ra4 43. Kf3 e5 44. Nd5+ Kg5 45. Ne3 f4 46.
gxf4+ exf4 47. Nd5 Ra3+ 48. Kg2 h5 49. Ne7 f3+ 50. Kh2 h4 51. Nc6 Ra2 52. Ne5
Rxf2+ 53. Kg1 Rg2+ 54. Kh1 Rg3 55. Nd3 Kf5 56. Nf2 0-1

[Event "2. BUNDESLIGA MITTE"]
[Site "Steyregg, Fuerstenfeld/Sauwald/Villach, St. Veit/Glan, Graz"]
[Date "2016.04.15"]
[Round "9"]
[Board "3"]
[White "Theuretzbacher, Klaus"]
[Black "Frank, Dieter"]
[Result "1-0"]
[WhiteElo "2238"]
[BlackElo "2170"]
[PlyCount "65"]
[EventDate "2015.10.02"]
[EventType "team"]
[EventRounds "11"]
[EventCountry "AUT"]
[WhiteTeam "ASK Case IH SteyrSt. Valentin"]
[BlackTeam "ESV Admira Villach"]

1. e4 e5 2. Nf3 Nc6 3. Nc3 Nf6 4. a3 Bc5 5. Nxe5 Nxe5 6. d4 Bd6 7. f4 Ng6 8. e5
O-O 9. exd6 cxd6 10. Be2 d5 11. O-O b6 12. f5 Ne7 13. Bg5 Bb7 14. Qd2 Kh8 15.
Qf4 Neg8 16. Bf3 Qb8 17. Qh4 Qc7 18. Bf4 Qc6 19. Qg3 Ne4 20. Bxe4 dxe4 21. d5
Qc5+ 22. Be3 Qe7 23. d6 Qd8 24. Rf4 Nf6 25. Rh4 Qb8 26. Bd4 Qd8 27. Qh3 Kg8 28.
g4 g6 29. Rh6 Rc8 30. Qh4 Ne8 31. f6 Rc4 32. Rxh7 Nxf6 33. Rh8+ 1-0

[Event "2. BUNDESLIGA MITTE"]
[Site "Steyregg, Fuerstenfeld/Sauwald/Villach, St. Veit/Glan, Graz"]
[Date "2016.04.15"]
[Round "9"]
[Board "4"]
[White "Hafner, Robert"]
[Black "Kranzl, Peter"]
[Result "1/2-1/2"]
[WhiteElo "2004"]
[BlackElo "2168"]
[PlyCount "61"]
[EventDate "2015.10.02"]
[EventType "team"]
[EventRounds "11"]
[EventCountry "AUT"]
[WhiteTeam "ESV Admira Villach"]
[BlackTeam "ASK Case IH SteyrSt. Valentin"]

1. d4 Nf6 2. c4 c5 3. dxc5 Na6 4. Nc3 g6 5. Nf3 Bg7 6. e3 O-O 7. Be2 Nxc5 8.
O-O b6 9. Nd4 Bb7 10. b3 d5 11. Nxd5 Nxd5 12. cxd5 Qxd5 13. Bf3 Ne4 14. Bb2 Qg5
15. Qe2 Rfd8 16. Rfd1 Rac8 17. g3 Qa5 18. Qe1 Qxe1+ 19. Rxe1 e5 20. Nb5 Rc2 21.
Bc1 Ba8 22. Na3 Rc7 23. Bb2 Nc3 24. Bxa8 Rxa8 25. Nc4 e4 26. Kf1 b5 27. Rec1
bxc4 28. Bxc3 cxb3 29. Bxg7 Rxc1+ 30. Rxc1 Kxg7 31. axb3 1/2-1/2

[Event "2. BUNDESLIGA MITTE"]
[Site "Steyregg, Fuerstenfeld/Sauwald/Villach, St. Veit/Glan, Graz"]
[Date "2016.04.15"]
[Round "9"]
[Board "5"]
[White "Heimberger, Reinhard"]
[Black "Kainz, Josef"]
[Result "1/2-1/2"]
[WhiteElo "2284"]
[BlackElo "1905"]
[PlyCount "107"]
[EventDate "2015.10.02"]
[EventType "team"]
[EventRounds "11"]
[EventCountry "AUT"]
[WhiteTeam "ASK Case IH SteyrSt. Valentin"]
[BlackTeam "ESV Admira Villach"]

1. d4 Nf6 2. g3 d5 3. Bg2 c6 4. Nf3 Bf5 5. O-O e6 6. b3 Nbd7 7. Bb2 Be7 8. c4
h6 9. Nc3 O-O 10. Nd2 a5 11. h3 Qc7 12. Rc1 Qb6 13. e3 Bd3 14. Re1 dxc4 15. Na4
Qa7 16. bxc4 Rac8 17. Qb3 Bh7 18. c5 Nd5 19. Nc4 Rb8 20. Nab6 a4 21. Nxa4 b5
22. cxb6 N7xb6 23. Ncxb6 Nxb6 24. Nc5 Bxc5 25. dxc5 Na4 26. Qa3 Rxb2 27. Bxc6
Rfb8 28. Qxa4 Qxa4 29. Bxa4 Rxa2 30. Ra1 Rxa1 31. Rxa1 Ra8 32. Rd1 Be4 33. Rd4
f5 34. c6 Bd5 35. g4 g6 36. gxf5 gxf5 37. Rb4 Rc8 38. Rb6 Rc7 39. Kh2 Kf7 40.
Kg3 Kf6 41. f3 Rg7+ 42. Kf2 Rc7 43. Rb4 Rc8 44. Rb6 Rc7 45. f4 Ke7 46. Ke2 Kd6
47. Kd3 Kc5 48. Rb8 Be4+ 49. Kc3 Bxc6 50. Bxc6 Rxc6 51. Rd8 Ra6 52. Rh8 Kd5 53.
Rxh6 Ke4 54. Kd2 1/2-1/2

[Event "2. BUNDESLIGA MITTE"]
[Site "Steyregg, Fuerstenfeld/Sauwald/Villach, St. Veit/Glan, Graz"]
[Date "2016.04.15"]
[Round "9"]
[Board "6"]
[White "Eder, Robert"]
[Black "Tober, Gerhard"]
[Result "0-1"]
[WhiteElo "1837"]
[BlackElo "2239"]
[PlyCount "58"]
[EventDate "2015.10.02"]
[EventType "team"]
[EventRounds "11"]
[EventCountry "AUT"]
[WhiteTeam "ESV Admira Villach"]
[BlackTeam "ASK Case IH SteyrSt. Valentin"]

1. e4 c5 2. Nf3 Nc6 3. d4 cxd4 4. Nxd4 e5 5. Nb5 d6 6. N1c3 a6 7. Na3 f5 8.
exf5 Bxf5 9. Bd3 Be6 10. Be4 Be7 11. Nd5 Nf6 12. Nxf6+ Bxf6 13. c4 Qd7 14. Be3
O-O 15. O-O Nd4 16. b3 d5 17. cxd5 Bxd5 18. Qd3 Bxe4 19. Qxe4 b5 20. Rfd1 Qc7
21. f4 Ne2+ 22. Kh1 exf4 23. Bd2 Bxa1 24. Rxa1 Rae8 25. Qd3 Qe7 26. Nc2 Qe4 27.
Qxe4 Rxe4 28. Re1 Rfe8 29. Ba5 Rc8 0-1

[Event "2. BUNDESLIGA MITTE"]
[Site "Steyregg, Fuerstenfeld/Sauwald/Villach, St. Veit/Glan, Graz"]
[Date "2016.04.15"]
[Round "9"]
[Board "1"]
[White "Felsberger, Alfred"]
[Black "Freitag, Manfred"]
[Result "0-1"]
[WhiteElo "2334"]
[BlackElo "2378"]
[PlyCount "27"]
[EventDate "2015.10.02"]
[EventType "team"]
[EventRounds "11"]
[EventCountry "AUT"]
[WhiteTeam "Union Ansfelden"]
[BlackTeam "ESV Austria Graz"]

1. e4 e6 2. d4 d5 3. e5 c5 4. c3 Nc6 5. Nf3 Qb6 6. Be2 Bd7 7. O-O Rc8 8. a3 Nh6
9. dxc5 Bxc5 10. b4 Be7 11. c4 dxc4 12. Bb2 Ng4 13. Bxc4 Ne3 14. Qe2 0-1

[Event "2. BUNDESLIGA MITTE"]
[Site "Steyregg, Fuerstenfeld/Sauwald/Villach, St. Veit/Glan, Graz"]
[Date "2016.04.15"]
[Round "9"]
[Board "2"]
[White "Karner, Christoph"]
[Black "Weiss, Christian"]
[Result "1/2-1/2"]
[WhiteElo "2308"]
[BlackElo "2353"]
[PlyCount "93"]
[EventDate "2015.10.02"]
[EventType "team"]
[EventRounds "11"]
[EventCountry "AUT"]
[WhiteTeam "ESV Austria Graz"]
[BlackTeam "Union Ansfelden"]

1. d4 c5 2. d5 e6 3. c4 exd5 4. cxd5 d6 5. e4 g6 6. Nc3 Bg7 7. Nf3 a6 8. h3 Nd7
9. Bf4 Qe7 10. Bd3 Ne5 11. Nxe5 Bxe5 12. Bxe5 Qxe5 13. a4 Ne7 14. Qd2 g5 15. h4
g4 16. Ne2 h5 17. f4 gxf3 18. gxf3 Ng6 19. f4 Qf6 20. O-O-O Bg4 21. Rhf1 O-O
22. e5 dxe5 23. f5 Nf4 24. Ng3 Rfd8 25. Be4 Bxd1 26. Qxd1 Qxh4 27. Bf3 Kf8 28.
Rg1 c4 29. Kb1 Rac8 30. Qd2 Qf6 31. Ne4 c3 32. Qxf4 Qb6 33. Qh2 cxb2 34. Qg3
Rc1+ 35. Rxc1 bxc1=Q+ 36. Kxc1 Rc8+ 37. Kd1 Qb3+ 38. Ke2 Qxd5 39. Nd2 Qd6 40.
Qg5 f6 41. Qh6+ Ke7 42. Qg7+ Kd8 43. Qg8+ Kd7 44. Qf7+ Kd8 45. Qg8+ Kd7 46.
Qf7+ Kd8 47. Qg8+ 1/2-1/2

[Event "2. BUNDESLIGA MITTE"]
[Site "Steyregg, Fuerstenfeld/Sauwald/Villach, St. Veit/Glan, Graz"]
[Date "2016.04.15"]
[Round "9"]
[Board "3"]
[White "Moser, Guenter"]
[Black "Ebner, Hubert"]
[Result "1/2-1/2"]
[WhiteElo "2313"]
[BlackElo "2229"]
[PlyCount "60"]
[EventDate "2015.10.02"]
[EventType "team"]
[EventRounds "11"]
[EventCountry "AUT"]
[WhiteTeam "Union Ansfelden"]
[BlackTeam "ESV Austria Graz"]

1. d4 Nf6 2. c4 g6 3. Nc3 d5 4. Bf4 Bg7 5. e3 c5 6. dxc5 Qa5 7. Rc1 dxc4 8. Nf3
O-O 9. Bxc4 Qxc5 10. Bb3 Nc6 11. O-O Qa5 12. Qe2 Nh5 13. Nd5 Nxf4 14. Nxf4 Bg4
15. Nd3 Rad8 16. Rfd1 Qb6 17. h3 Bxf3 18. Qxf3 Rxd3 19. Rxd3 Ne5 20. Qe2 Nxd3
21. Qxd3 Rd8 22. Qc4 e6 23. Qe2 a5 24. g3 Qb4 25. Rc7 Be5 26. Rc2 Qd6 27. Kg2
Qb6 28. Qf3 Qb4 29. Rc4 Qb6 30. Rc2 Qb4 1/2-1/2

[Event "2. BUNDESLIGA MITTE"]
[Site "Steyregg, Fuerstenfeld/Sauwald/Villach, St. Veit/Glan, Graz"]
[Date "2016.04.15"]
[Round "9"]
[Board "4"]
[White "Fahrner, Kurt"]
[Black "Knoll, Hermann"]
[Result "0-1"]
[WhiteElo "2294"]
[BlackElo "2331"]
[PlyCount "120"]
[EventDate "2015.10.02"]
[EventType "team"]
[EventRounds "11"]
[EventCountry "AUT"]
[WhiteTeam "ESV Austria Graz"]
[BlackTeam "Union Ansfelden"]

1. d4 f5 2. Nf3 Nf6 3. g3 e6 4. Bg2 d5 5. O-O Bd6 6. c4 c6 7. b3 Qe7 8. a4 Nbd7
9. Ba3 Bxa3 10. Nxa3 a5 11. Qd3 Ne4 12. Rfb1 b6 13. Nd2 Ba6 14. f3 Nd6 15. Qe3
O-O 16. cxd5 cxd5 17. b4 axb4 18. Nc2 f4 19. gxf4 Nf5 20. Qf2 Nh4 21. Bf1 Rxf4
22. Nxb4 Bb7 23. a5 Rff8 24. a6 Bc8 25. Ra2 Nf5 26. Kh1 Nd6 27. Qg3 Nf5 28. Qf2
Nd6 29. Qg3 Nf5 30. Qf4 g5 31. Qg4 Qg7 32. Nb3 Kh8 33. Rc1 Nf6 34. Qg1 Rg8 35.
Bh3 g4 36. fxg4 Ne4 37. Rf1 Qh6 38. Rf3 Ng5 39. Qc1 Qh4 40. Qf1 Nxf3 41. Qxf3
Qe1+ 42. Bf1 Qxb4 43. gxf5 Bxa6 44. Qe3 Qd6 45. fxe6 Rae8 46. Bh3 Bc8 47. Ra7
Re7 48. Rxe7 Qxe7 49. Nd2 Re8 50. Qe5+ Qg7 51. Qh5 Rg8 52. Nf3 Bxe6 53. Ng5
Qxg5 54. Qxg5 Rxg5 55. Bxe6 Kg7 56. h4 Rh5 57. Kg2 Kf6 58. Bg8 Rxh4 59. Bxd5
Rxd4 60. Bc6 Ke5 0-1

[Event "2. BUNDESLIGA MITTE"]
[Site "Steyregg, Fuerstenfeld/Sauwald/Villach, St. Veit/Glan, Graz"]
[Date "2016.04.15"]
[Round "9"]
[Board "5"]
[White "Ennsberger, Ulrich"]
[Black "Spindelboeck, Gernot"]
[Result "0-1"]
[WhiteElo "2314"]
[BlackElo "2262"]
[PlyCount "86"]
[EventDate "2015.10.02"]
[EventType "team"]
[EventRounds "11"]
[EventCountry "AUT"]
[WhiteTeam "Union Ansfelden"]
[BlackTeam "ESV Austria Graz"]

1. Nf3 Nf6 2. c4 e6 3. g3 d5 4. Bg2 dxc4 5. Qa4+ Bd7 6. Qxc4 c5 7. Ne5 Qc8 8.
Nc3 Nc6 9. Nxd7 Qxd7 10. O-O Be7 11. d3 Rc8 12. Qa4 O-O 13. Bg5 Rfd8 14. Rfc1
b6 15. Rab1 h6 16. Bd2 Nd4 17. Qxd7 Rxd7 18. Kf1 Rcd8 19. Be1 g5 20. Na4 Nd5
21. e3 Nc6 22. Ke2 Ne5 23. d4 cxd4 24. exd4 Ng4 25. Nc3 Nxh2 26. Nxd5 exd5 27.
Rc6 Kg7 28. Bh3 g4 29. Bg2 Bg5 30. Bb4 Re8+ 31. Kd3 Nf3 32. Bxf3 gxf3 33. Re1
Rxe1 34. Bxe1 Re7 35. Bc3 Re2 36. Rd6 Rxf2 37. Rxd5 Rg2 38. Ke4 f2 39. Rf5 Kg6
40. d5 Rxg3 41. Rxf2 Re3+ 42. Kd4 Re8 43. d6 Be3+ 0-1

[Event "2. BUNDESLIGA MITTE"]
[Site "Steyregg, Fuerstenfeld/Sauwald/Villach, St. Veit/Glan, Graz"]
[Date "2016.04.15"]
[Round "9"]
[Board "6"]
[White "Aschenbrenner, Robert"]
[Black "Mostbauer, Maximilian"]
[Result "1-0"]
[WhiteElo "2212"]
[BlackElo "2171"]
[PlyCount "77"]
[EventDate "2015.10.02"]
[EventType "team"]
[EventRounds "11"]
[EventCountry "AUT"]
[WhiteTeam "ESV Austria Graz"]
[BlackTeam "Union Ansfelden"]

1. d4 Nf6 2. Nf3 g6 3. Bf4 Bg7 4. e3 d6 5. h3 O-O 6. Bc4 c5 7. c3 cxd4 8. exd4
Bd7 9. a4 Nc6 10. O-O Rc8 11. Nbd2 d5 12. Bd3 e6 13. Bd6 Re8 14. Bh2 h6 15. Re1
Nh7 16. Nb3 Bf8 17. Nc5 Bxc5 18. dxc5 Ng5 19. Nd4 Ne4 20. Bxe4 Nxd4 21. Bxg6
fxg6 22. cxd4 Rf8 23. Be5 Qg5 24. Ra3 Kh7 25. Rb3 Bc6 26. Rg3 Qf5 27. Rf3 Qg5
28. Bd6 Rxf3 29. Qxf3 Qf5 30. Qxf5 exf5 31. Re7+ Kg8 32. Be5 g5 33. Rg7+ Kf8
34. Rh7 Re8 35. Rxh6 Bxa4 36. Rf6+ Ke7 37. Rxf5 Rg8 38. Bd6+ Kd7 39. Rf7+ 1-0

[Event "2. BUNDESLIGA MITTE"]
[Site "Steyregg, Fuerstenfeld/Sauwald/Villach, St. Veit/Glan, Graz"]
[Date "2016.04.15"]
[Round "9"]
[Board "1"]
[White "Burlacu, Bogdan"]
[Black "Kuba, Guenter"]
[Result "1/2-1/2"]
[WhiteElo "2291"]
[BlackElo "2361"]
[PlyCount "64"]
[EventDate "2015.10.02"]
[EventType "team"]
[EventRounds "11"]
[EventCountry "AUT"]
[WhiteTeam "Union Hartkirchen"]
[BlackTeam "SPG. Sparkasse Fuerstenfeld/Hartberg"]

1. e4 e5 2. Nf3 Nc6 3. Bb5 a6 4. Ba4 Nf6 5. d3 d6 6. c3 g6 7. O-O Bg7 8. Nbd2
O-O 9. Re1 h6 10. d4 b5 11. Bb3 Re8 12. a4 Rb8 13. axb5 axb5 14. h3 Bd7 15.
dxe5 Nxe5 16. Nxe5 dxe5 17. Nf1 Bc6 18. f3 Qe7 19. Be3 Red8 20. Qc2 Nd7 21. Ra6
Nb6 22. Qf2 Bb7 23. Ra7 Bf8 24. Nd2 Nd7 25. Bc2 Nc5 26. Nb3 Ne6 27. Na5 Ba8 28.
b4 Qf6 29. Rd1 h5 30. Rxd8 Rxd8 31. Bb3 Bd6 32. h4 Nf4 1/2-1/2